[Event "Niteroi op 2nd"]
[Site "Niteroi"]
[Date "2022.09.02"]
[Round "3"]
[White "Salotti, Thiago Maida"]
[Black "Lima, Ivan Varga"]
[Result "0-1"]
[WhiteElo "1390"]
[BlackElo "1744"]
[PlyCount "92"]
[EventDate "2022.09.01"]
[EventType "swiss"]
[EventRounds "9"]
[EventCountry "BRA"]
[SourceTitle "CBM 210 Extra"]
[Source "ChessBase"]
[SourceDate "2022.11.30"]
[SourceVersion "1"]
[SourceVersionDate "2022.11.30"]
[SourceQuality "1"]

1. e4 c5 2. d3 Nc6 3. Nf3 Qc7 4. g3 d6 5. Bg2 Nf6 6. 0-0 g6 7. Re1 Bg7 8. Nbd2 0-0 9. Nf1 a5 10. c3 a4 11. a3 e5 12. h4 Be6 13. N1h2 Na5 14. Bg5 Nb3 15. Bxf6 Bxf6 16. Rb1 h5 17. Ng5 Bxg5 18. hxg5 Qe7 19. f4 Rad8 20. f5 Bc8 21. f6 Qe6 22. Kf2 c4 23. d4 exd4 24. cxd4 Kh7 25. Bf3 Rh8 26. g4 h4 27. Rh1 Kg8 28. Nf1 b5 29. Kg2 Bb7 30. d5 Qe5 31. Ne3 Qxg5 32. Qg1 Nd2 33. Rd1 Nxf3 34. Kxf3 Qxf6+ 35. Ke2 Qxb2+ 36. Rd2 Qe5 37. Qg2 Re8 38. Rdd1 Qxe4 39. Qf2 Qxg4+ 40. Kf1 Rxe3 41. Qxe3 Qxd1+ 42. Kg2 Bxd5+ 43. Kf2 Qc2+ 44. Ke1 Qe4 45. Rh3 Qxe3+ 46. Rxe3 h3 0-1